00954nam a2200181 a 4500008004100000020001500041050001400056100002000070245021200090250001200302260005600314300001600370350001000386650005200396995017400448999001700622952013300639151214s2006 ||||||||||||||||| || u a8180617637 aRC 46 Cha aChandra, Sharad10aQuick review of PGMEE for various post graduate medical entrance examinations volume 2: (including medicine, pediatrics, dermatology and venereal diseases, radiology, psychiatry) (4th ed.)cBy Sharad Chandra a4th ed. aNew DelhibJaypee Brothers Medical publishersc2006 a687p.: ill. a98.00 aINTERNAL MEDICINE--EXAMINATIONS, QUESTIONS, ETC aMEDICAL LIBRARY OPEN ACCESSe903217FCBU-SCHOOL OF MEDICINE LIBRARY (Ndola)I98.00jRC 46 ChaM1UAVAILABLEWDec 16, 2015y903217ZMedical Library Open Access Collection c32565d32565 00102lcc4070a002b002cMedical Library Open Access Collectiond2022-11-30l0oRC 46 Chap903217r2022-11-30w2022-11-30y002